Estadísticas para Formas de Países Pixelados #2

Haz click aquí para intentar la prueba.

Estadísticas generales

  • Esta prueba ha sido intentada 2.253 veces
  • La puntuación promedio es 11 de 15

Estadísticas de respuestas

País% Correcto
México
96%
Brasil
94%
Francia
94%
India
94%
China
87%
Sudáfrica
84%
Grecia
81%
Nueva Zelanda
81%
Noruega
78%
Marruecos
76%
Tailandia
73%
Filipinas
69%
Trinidad y Tobago
49%
Bahamas
44%
Omán
42%

Distribución de puntuación

Porcentaje por número respondido

Porcentaje de gente con cada puntuación

Historial de tus puntuaciones

No has intentado esta prueba.